000 00524nam a2200217Ia 4500
005 20250425162653.0
008 250425s9999 xx 000 0 und d
020 _a9681863852
041 _aspa
043 _amx
082 _a639.4
100 _aMAEDA-MARTINEZ, ALFONSO N.
245 0 _aLOS MOLUSCOS PECTINIDOS DE IBEROAMERICA: CIENCIA Y ACUICULTURA
250 _aS.E
260 _aLA PAZ
260 _aMéxico
_bNORIEGA LIMUSA
_c2002
300 _a501
650 _aMOLUSCOS
942 _c01
010 _a95513
999 _c234036
_d234036